MCU Taglines - Statistics

General Stats
  • This quiz has been taken 17 times
  • The average score is 45 of 84
Answer Stats
Tagline Answer % Correct
'United we stand. Divided we fall.' Captain America: Civil War
91%
'All heroes start somewhere.' Guardians Of The Galaxy
91%
'Heroes aren't born. They're built.' Iron Man
91%
'You'll like him when he's angry.' The Incredible Hulk
91%
'Heroes don't get any bigger.' Ant-Man
82%
'Avenge the fallen.' Avengers: Endgame
82%
'An entire universe. Once and for all.' Avengers: Infinity War
82%
'In heroes we trust.' Captain America: The Winter Soldier
82%
'Some assembly required.' The Avengers
82%
'Courage is immortal.' Thor
82%
'Real heroes. Not actual size.' Ant-Man And The Wasp
73%
'A new age has come.' Avengers: Age Of Ultron
73%
'Long live the king.' Black Panther
73%
'Her world. Her secrets. Her legacy.' Black Widow
73%
'Obviously.' Guardians Of The Galaxy Vol 2
73%
'It's not the armor that makes the hero, but the man inside.' Iron Man 2
73%
'Unleash the power behind the armor.' Iron Man 3
73%
'Loki's time has come.' Loki
73%
'It's time to step up.' Spider-Man: Far From Home
73%
'Homework can wait. The city can't.' Spider-Man: Homecoming
73%
'There is no justice, there is only revenge.' The Punisher
73%
'No hammer. No problem.' Thor: Ragnarok
73%
'Delve into the darkness.' Thor: The Dark World
73%
'Witness the beginning of a new dynasty.' Ant-Man And The Wasp: Quantumania
64%
'When patriots become heroes.' Captain America: The First Avenger
64%
'Do not fear the dark. Become it.' Daredevil
64%
'Feel the love.' Deadpool
64%
'Discover the secret of the Surfer.' Fantastic 4: Rise Of The Silver Surfer
64%
'Long ago he made a deal to save someone he loved.' Ghost Rider
64%
'This holiday season, the best gift comes with a bow.' Hawkeye
64%
'You'll like her when she's angry.' She-Hulk: Attorney At Law
64%
'Go for the ultimate spin.' Spider-Man
64%
'There's a hero in all of us.' Spider-Man 2
64%
'The Multiverse unleashed.' Spider-Man: No Way Home
64%
'When he's most vulnerable, he's most dangerous.' The Wolverine
64%
'The one is not the only.' Thor: Love And Thunder
64%
'Experience a new vision of reality.' WandaVision
64%
'Trust a few. Fear the rest.' X-Men
64%
'Higher. Further. Faster.' Captain Marvel
55%
'Prepare for the Second Coming.' Deadpool 2
55%
'The impossibilities are endless.' Doctor Strange
55%
'In the beginning...' Eternals
55%
'Change is coming.' Fantastic Four
55%
'Once more with feeling.' Guardians Of The Galaxy Vol 3
55%
'The greatest battle lies within.' Spider-Man 3
55%
'The untold story begins.' The Amazing Spider-Man
55%
'His greatest battle begins.' The Amazing Spider-Man 2
55%
'The time has come for those who are different to stand united.' X-Men 2
55%
'Revenge is a witch.' Agatha All Along
45%
'Forever.' Black Panther: Wakanda Forever
45%
'Come together.' Deadpool & Wolverine
45%
'Enter a new dimension of Strange.' Doctor Strange In The Multiverse Of Madness
45%
'4 times the action. 4 times the adventure. 4 times the fantastic.' Fantastic 4
45%
'Her web connects them all.' Madame Web
45%
'Embrace the chaos.' Moon Knight
45%
'You can't outrun your destiny.' Shang-Chi And The Legend Of The Ten Rings
45%
'Higher. Further. Faster. Together.' The Marvels
45%
'The world has enough Superheroes.' Venom
45%
'It's time to meet Carnage.' Venom: Let There Be Carnage
45%
'A Phoenix will rise. The X-Men will fall.' X-Men: Dark Phoenix
45%
'Witness the origin.' X-Men Origins: Wolverine
45%
'Whose side will you be on?' X-Men: The Last Stand
45%
'Not all heroes are super.' Agents Of S.H.I.E.L.D.
36%
'He rides again.' Ghost Rider: Spirit Of Vengeance
36%
'His time has come.' Logan
36%
'The future is in her hands.' Ms. Marvel
36%
'Honor the shield.' The Falcon And The Winter Soldier
36%
'The perfect present is a galaxy away.' The Guardians Of The Galaxy Holiday Special
36%
'Only the strong will survive.' X-Men: Apocalypse
36%
'To save the future, they must alter the past.' X-Men: Days Of Future Past
36%
'Witness the moment that will change our world.' X-Men: First Class
36%
'A hero of few words returns.' I Am Groot
27%
'Your powers can't save you.' Jessica Jones
27%
'Villains aren't born. They're made.' Kraven The Hunter
27%
'Hero is your word, not mine.' Luke Cage
27%
'A new Marvel legend arrives.' Morbius
27%
'One question changes everything.' What If...?
27%
'No bad deed goes unpunished.' Echo
18%
'Looks CAN kill.' Elektra
18%
'Who do you trust?' Secret Invasion
18%
'There is something new to fear.' The New Mutants
18%
'There's no escaping the night.' Werewolf By Night
18%
'Open your third eye.' Legion
9%
'Pick a side. Take a stand.' The Gifted
9%
No matching quizzes found
Score Distribution
Percent of People with Each Score
Percentile by Number Answered
Your Score History
You have not taken this quiz